| Tag |
First Indicator |
Second Indicator |
Subfields |
| LEADER |
00000cam a2200000 i 4500 |
| 001 |
in00005777571 |
| 003 |
OCoLC |
| 005 |
20260504163406.0 |
| 008 |
250623t20262026mau 000 p eng |
| 010 |
|
|
|a 2025026040
|
| 040 |
|
|
|a DLC
|e rda
|c DLC
|
| 020 |
|
|
|a 9781625349279
|q paperback
|
| 020 |
|
|
|a 1625349270
|q paperback
|
| 020 |
|
|
|z 9781685752125
|q electronic book
|
| 020 |
|
|
|z 9781685752132
|q electronic book
|
| 035 |
|
|
|a (OCoLC)1524234894
|
| 050 |
0 |
0 |
|a PS3602.R435
|b I23 2026
|
| 082 |
0 |
0 |
|a 811/.6
|2 23/eng/20250702
|
| 100 |
1 |
|
|a Bredle, Jason,
|e author.
|
| 245 |
1 |
0 |
|a I love you but I don't speak your language /
|c Jason Bredle.
|
| 264 |
|
1 |
|a Amherst :
|b University of Massachusetts Press,
|c [2026].
|
| 264 |
|
4 |
|c ©2026.
|
| 300 |
|
|
|a xiii, 66 pages ;
|c 22 cm.
|
| 336 |
|
|
|a text
|b txt
|2 rdacontent
|
| 337 |
|
|
|a unmediated
|b n
|2 rdamedia
|
| 338 |
|
|
|a volume
|b nc
|2 rdacarrier
|
| 490 |
1 |
|
|a Juniper Prize for poetry
|
| 520 |
|
|
|a In I Love You But I Don't Speak Your Language, brushes with the profound may lead to brushes with the mundane, or vice versa. Cause and effect become arbitrary and transcendent, at times lifting the arbitrary into the sublime or the sublime into happenstance. Intuitive leaps, both in poems and the reader, pull us through oscillations between humor, introspection and the surreal. These poems don't follow a straight path. Instead, they capture the way thoughts shift, contradict and collide. Inspired by the poet's dreams, as well as travels throughout central Europe, the West Indies and Central and South America, the words are alive in voice and detail, yet the speaker's connections, and more so, disconnections, turn toward isolationism, solitude and loneliness. At times, the collection leans into restless emotion. "It was during my wide-awake / nightmare of conflicting emotions / that I began to feel this way." Other moments pull the reader to "a far away place / of limitless palm trees and sunsets." This is poetry that doesn't try to fit into a traditional form. It questions, observes and rethinks the world around it. Some poems might seem absurd, others deeply reflective, but all of them work together to create a book that is both thought-provoking and unpredictable.
|
| 830 |
|
0 |
|a Juniper Prize for Poetry.
|
| 945 |
|
|
|b 691669
|
| 947 |
|
|
|a A14852273599
|
| 948 |
|
|
|a dmitchel 5/4/26 11.30.20
|
| 980 |
|
|
|b print
|c 40033134101
|f LIT/B
|g 565714
|k USD
|m 15.16
|q 1
|s AcqMono Conventional
|t Approval plan
|u Vendor order reference number
|v ZYBP
|y Print approval
|z Physical resource
|
| 999 |
f |
f |
|i 0b421603-88b1-4485-ab38-c6456c5c4d1e
|s 2d740887-3275-4b10-9b27-309d9354297f
|t 0
|
| 952 |
f |
f |
|p newbook
|a Texas A&M University
|b College Station
|c Sterling C. Evans Library
|s Evans nbs
|d Evans: New Book Shelves (1st floor)
|t 0
|e PS3602.R435 I23 2026
|h Library of Congress classification
|i unmediated -- volume
|m A14852273599
|
| 998 |
f |
f |
|a PS3602.R435 I23 2026
|t 0
|l Evans: Library Stacks
|